| 000 | 00775nam a2200253Ia 4500 | ||
|---|---|---|---|
| 003 | OSt | ||
| 005 | 20220925204909.0 | ||
| 006 | a|||||r|||| 00| 0 | ||
| 007 | ta | ||
| 008 | 220923b |||||||| |||| 00| 0 eng d | ||
| 037 | _cGeneral Book | ||
| 040 |
_aRTL _cRTL _beng |
||
| 041 |
_2eng _aeng |
||
| 082 | _aY9(W):4582.580j59B.N5, L2 | ||
| 100 | _aGross Feliks | ||
| 245 | 0 |
_aViolence in politics _b Terror and political assassi |
|
| 260 |
_aHague _bMouton _c1972 |
||
| 300 |
_ax,139p _ccm. |
||
| 490 | _aStudies in the Social Sciences Ed by C A O Van Nieuwenhuze.13 | ||
| 500 | _aAppendix: p 101-139 | ||
| 650 | _aPolitical Sociology | ||
| 942 |
_hY9(W):4582.580j59B.N5, L2 _cGB _2CC |
||
| 999 |
_c550707 _d550707 |
||